| 000 | 00517nam a22001817a 4500 | ||
|---|---|---|---|
| 005 | 20251108164333.0 | ||
| 008 | 250721s1994 xx 000 0 ara d | ||
| 082 | 1 | 4 | _a671.3/حلم |
| 100 | 1 | _aحلمي، أحمد زكي | |
| 245 | 1 | 0 |
_aمبادئ الخراطة : _bنظري و عملي / |
| 250 | _aط2 | ||
| 264 | 1 |
_aالقاهره : _bدار الفجر للنشر و التوزيع، _c1994. |
|
| 300 | _a271ص | ||
| 650 | 1 | 7 | _aالمعادن |
| 650 | 1 | 7 | _aالخراطة |
| 942 |
_2ddc _cBK |
||
| 999 |
_c9686 _d9686 |
||